01953nam a2200445Ia 4500001001200000003000800012006001900020007001500039008004100054010001700095020004000112020001800152020001800170040002100188035002000209050002400229082002600253100003200279245016300311260005800474300002400532490004400556504006400600533015200664610003200816650005900848650003400907650004800941650006500989650005101054650003701105650003901142651004501181651004001226655002901266700002401295710001701319830004501336856012601381ebr10579165CaPaEBRm u cr cn|||||||||050516s2006 nyua sb s001 0 eng d z 2005014018 z0791467295 (hardcover : alk. paper) z9780791467299 z9780791481929 aCaPaEBRcCaPaEBR a(OCoLC)7705928514aJK2488b.K56 2006eb04a328.73/0089/960732221 aKing-Meadows, Tyson,d1972-10aDevolution and Black state legislatorsh[electronic resource] :bchallenges and choices in the twenty-first century /cTyson King-Meadows, Thomas F. Schaller. aAlbany :bState University of New York Press,cc2006. axvi, 302 p. :bill.1 aSUNY series in African American studies aIncludes bibliographical references (p. 273-295) and index. aElectronic reproduction.bPalo Alto, Calif. :cebrary,d2013.nAvailable via World Wide Web.nAccess may be limited to ebrary affiliated libraries.20aCongressional Black Caucus. 0aLegislative bodieszUnited StatesxStatesxLeadership. 0aAfrican American legislators. 0aAfrican AmericansxPolitics and government. 0aRepresentative government and representationzUnited States. 0aDecentralization in governmentzUnited States. 0aLocal governmentzUnited States. 0aFederal governmentzUnited States. 0aUnited StatesxSocial policyy1980-1993. 0aUnited StatesxSocial policyy1993- 7aElectronic books.2local1 aSchaller, Thomas F.2 aebrary, Inc. 0aSUNY series in African American studies.40uhttp://site.ebrary.com/lib/rucke/Doc?id=10579165zAn electronic book accessible through the World Wide Web; click to view